[Event "Savic-Mauzer Mem, Bijeljina YUG"]
[Site "?"]
[Date "2001.??.??"]
[Round "9"]
[White "Kozakov, M."]
[Black "Sekulic, V."]
[Result "0-1"]
[WhiteElo "2510"]
[BlackElo "2305"]
[PlyCount "62"]
[EventDate "2001.??.??"]
[Source "www.chesslib.no"]
[SourceDate "2004.05.04"]

1. e4 e5 2. Nf3 Nc6 3. Bb5 Nf6 4. d3 d6 5. c4 Be7 6. Nc3 O-O 7. Bxc6 bxc6 8. d4 exd4 9. Nxd4 c5 10. Nc6 Qe8 11. Nxe7+ Qxe7 12. O-O Qe6 13. Qd3 Bb7 14. f3 Nd7 15. Nd5 Bxd5 16. exd5 Qf6 17. Rb1 Rfe8 18. Bd2 Ne5 19. Qc2 Qh4 20. b3 Re7 21. Rbe1 Rae8 22. Re4 Qh5 23. Rfe1 Qg6 24. Kf1 h6 25. Bc3 Qh5 26. h3 Kf8 27. Qf2 f5 28. R4e2 Nd3 29. Bxg7+ Kg8 30. Qg3 f4 31. Rxe7 Rxe7 0-1

[Event "Hotel Irottko GM"]
[Site "?"]
[Date "2000.??.??"]
[Round "11"]
[White "Csom Istvan"]
[Black "Ruck Tamas"]
[Result "1/2-1/2"]
[WhiteElo "2464"]
[BlackElo "2345"]
[PlyCount "34"]
[EventDate "2000.??.??"]
[Source "www.chesslib.no"]
[SourceDate "2004.05.04"]

1. e4 e5 2. Nf3 Nc6 3. Bb5 Nf6 4. d3 d6 5. c4 Bd7 6. Nc3 Be7 7. h3 O-O 8. Be3 a6 9. Bxc6 Bxc6 10. O-O b5 11. b3 Re8 12. Qd2 Rb8 13. Rac1 Qd7 14. Nd5 Nxd5 15. cxd5 Bb7 16. Rc2 Rbc8 17. Rfc1 c6 1/2-1/2

[Event "Samara (Russia)"]
[Site "?"]
[Date "2003.??.??"]
[Round "6"]
[White "Korbut Ekaterina"]
[Black "Zaiatz Elena"]
[Result "0-1"]
[WhiteElo "2400"]
[BlackElo "2400"]
[PlyCount "82"]
[EventDate "2003.??.??"]
[Source "www.chesslib.no"]
[SourceDate "2004.05.04"]

1. e4 e5 2. Nf3 Nc6 3. Bb5 Nf6 4. d3 d6 5. c4 Bd7 6. Nc3 g6 7. h3 Bg7 8. Be3 Nb8 9. Bxd7+ Nbxd7 10. Qb3 Qb8 11. a4 a5 12. Qa3 O-O 13. b4 axb4 14. Qxb4 b6 15. a5 bxa5 16. Qxb8 Rfxb8 17. Kd2 c6 18. Rhb1 Rxb1 19. Rxb1 Bf8 20. Rb7 a4 21. Ra7 Rxa7 22. Bxa7 a3 23. Kc2 Nh5 24. g3 f5 25. Nd2 f4 26. g4 Ng7 27. f3 Ne6 28. Bf2 Be7 29. Nb3 Kf7 30. h4 Bd8 31. Na4 Nb8 32. Kb1 Na6 33. Kc2 Nb4+ 34. Kc3 c5 35. Kd2 Nd4 36. Bxd4 exd4 37. g5 Ke6 38. Na1 Ba5 39. Nb3 a2 40. Na1 Nc6+ 41. Kc2 Bc3 0-1

[Event "Kazan RUS"]
[Site "?"]
[Date "2006.06.06"]
[Round "6"]
[White "Kupreichik Viktor D"]
[Black "Rodchenkov Vitaly"]
[Result "0-1"]
[WhiteElo "2455"]
[BlackElo "2343"]
[PlyCount "68"]
[EventDate "2006.??.??"]
[Source "www.chesslib.no"]
[SourceDate "2004.05.04"]

1. e4 e5 2. Nf3 Nc6 3. Bb5 Nf6 4. d3 d6 5. c4 g6 6. d4 Bd7 7. Nc3 exd4 8. Nxd4 Bg7 9. Bxc6 bxc6 10. O-O O-O 11. Bg5 h6 12. Bh4 Qb8 13. b3 c5 14. Nde2 Re8 15. f3 Nh7 16. Qd2 a5 17. Rab1 a4 18. bxa4 Qa7 19. Rb3 Qa6 20. Rc1 Bc6 21. Be1 Nf8 22. Nb5 Bxb5 23. axb5 Qxa2 24. Qxa2 Rxa2 25. Nc3 Bd4+ 26. Kf1 Bxc3 27. Bxc3 Nd7 28. Bb2 f5 29. exf5 gxf5 30. Rc2 Kf7 31. Kf2 Nb6 32. Ra3 Rxb2 33. Rxb2 Nxc4 34. Rba2 Nxa3 0-1

[Event "Presov"]
[Site "Presov"]
[Date "1999.08.16"]
[Round "3"]
[White "Mrva, Martin"]
[Black "Berezjuk, Sergej"]
[Result "1/2-1/2"]
[WhiteElo "2441"]
[BlackElo "2354"]
[PlyCount "89"]
[EventDate "1999.08.14"]
[Source "ChessBase"]
[SourceDate "1999.12.01"]

1. e4 e5 2. Nf3 Nc6 3. Bb5 Nf6 4. d3 d6 5. c4 g6 6. h3 Bg7 7. Bg5 h6 8. Be3 O-O 9. Nc3 Kh7 10. Ne2 Ng8 11. h4 f5 12. h5 g5 13. exf5 Bxf5 14. Bxc6 bxc6 15. Nh2 Kh8 16. g4 Bh7 17. d4 Qe7 18. d5 c5 19. Qa4 e4 20. Rb1 Nf6 21. b4 Nd7 22. O-O Ne5 23. bxc5 Nf3+ 24. Kh1 Be5 25. Ng3 dxc5 26. Qc6 Bd6 27. Nxf3 exf3 28. Rbe1 Qf6 29. Bxc5 Qf4 30. Bxd6 cxd6 31. Qd7 Rad8 32. Qe6 Rf6 33. Qe7 Rdf8 34. Qd7 Bf5 35. gxf5 Rxf5 36. Re7 R5f7 37. Rfe1 Kg8 38. R1e6 Qc1+ 39. Kh2 Qf1 40. Rg6+ Kh8 41. Rxh6+ Kg8 42. Rg6+ Kh8 43. Rh6+ Kg8 44. Rg6+ Kh8 45. Rh6+ 1/2-1/2

[Event "2. Bundesliga West 2003/2004"]
[Site "Jenbach"]
[Date "2003.11.15"]
[Round "4"]
[White "Schmittdiel, Eckhard"]
[Black "Panteleev, Petar"]
[Result "1/2-1/2"]
[WhiteElo "2489"]
[BlackElo "2303"]
[PlyCount "129"]
[EventDate "2003.11.14"]
[Source "Roberto Alvarez"]
[SourceDate "2003.11.24"]

1. e4 e5 2. Nf3 Nc6 3. Bb5 Nf6 4. d3 d6 5. c4 g6 6. h3 Bg7 7. Nc3 O-O 8. O-O h6 9. Be3 Nd7 10. d4 Kh7 11. dxe5 Ncxe5 12. Nxe5 dxe5 13. c5 c6 14. Bc4 Qe7 15. b4 Rd8 16. Qb3 a5 17. a3 axb4 18. axb4 Rxa1 19. Rxa1 f5 20. exf5 gxf5 21. Re1 e4 22. Ne2 Ne5 23. Nf4 Nxc4 24. Qxc4 Be5 25. Qc1 Qg7 26. Ne2 Be6 27. Bf4 Bb2 28. Qc2 Rd3 29. Rb1 Bf6 30. Kh2 Bf7 31. Ng3 Bg6 32. Rd1 Qd7 33. Rxd3 exd3 34. Qd2 Bg7 35. Qe1 Qd4 36. Bd2 f4 37. Nf1 Qe5 38. Qxe5 Bxe5 39. Kg1 Kg7 40. Nh2 Be4 41. Ng4 Bc7 42. f3 Bd5 43. Bc3+ Kg6 44. Kf1 Kg5 45. Nf2 Kh4 46. Bf6+ Kh5 47. Nxd3 Bc4 48. Ke2 Kg6 49. Bd4 Kf5 50. Kd2 h5 51. Bf2 Bd8 52. Kc3 Bb5 53. g4+ fxg3 54. Bxg3 Bf6+ 55. Kc2 Bc4 56. h4 Bd5 57. Ne1 Bc4 58. Kd2 Bd5 59. Kd3 Bd8 60. Ke3 Bf6 61. Nd3 Bc3 62. Be1 Bg7 63. Bg3 Bh6+ 64. Bf4 Bg7 65. Bg3 1/2-1/2

[Event "WICC qual Dubai sf 25'+10"]
[Site "?"]
[Date "2001.09.28"]
[Round "3"]
[White "Nataf Igor Alexandre"]
[Black "Pieper Thomas"]
[Result "1-0"]
[WhiteElo "2527"]
[BlackElo "2260"]
[PlyCount "81"]
[EventDate "2001.??.??"]
[Source "www.chesslib.no"]
[SourceDate "2004.05.04"]

1. e4 e5 2. Nf3 Nc6 3. Bb5 Nf6 4. d3 d6 5. c4 Bd7 6. Nc3 h6 7. d4 exd4 8. Nxd4 g6 9. Bxc6 bxc6 10. h3 Bg7 11. O-O O-O 12. Re1 Re8 13. f4 c5 14. Nf3 Bc6 15. Qd3 Rb8 16. Rb1 Re7 17. Bd2 Qe8 18. e5 dxe5 19. Nxe5 Rd8 20. Qe2 Nh5 21. Qf2 Bxe5 22. Rxe5 Rxe5 23. fxe5 Qxe5 24. Re1 Qd4 25. Bxh6 Qxc4 26. Re7 Rd6 27. b3 Qd4 28. Be3 Qf6 29. Rxc7 Qxf2+ 30. Bxf2 Nf4 31. Bxc5 Re6 32. Bxa7 Nxg2 33. Rc8+ Kh7 34. Bd4 g5 35. Rxc6 Rxc6 36. Kxg2 Kg6 37. a4 Kf5 38. a5 Rd6 39. Bf2 Rd3 40. Nb5 Ke5 41. a6 1-0

[Event "SVK Team Ch"]
[Site "Slovakia"]
[Date "1995.??.??"]
[Round "?"]
[White "Mrva, Martin"]
[Black "Dobrovolsky, Ladislav"]
[Result "1-0"]
[WhiteElo "2400"]
[BlackElo "2380"]
[PlyCount "59"]
[EventDate "1995.??.??"]
[Source "www.chesslib.no"]
[SourceDate "2004.05.04"]

1. e4 e5 2. Nf3 Nc6 3. Bb5 Nf6 4. d3 d6 5. c4 Be7 6. h3 O-O 7. Be3 Nd7 8. g4 Nc5 9. Nc3 Ne6 10. Ne2 Bd7 11. Qd2 a6 12. Bxc6 Bxc6 13. Ng3 b5 14. b3 Bb7 15. Nf5 c5 16. h4 Nd4 17. N3xd4 cxd4 18. Bh6 gxh6 19. Qxh6 Bf6 20. g5 Bh8 21. h5 Qd7 22. Rg1 Rae8 23. g6 fxg6 24. hxg6 Rxf5 25. exf5 Bf6 26. gxh7+ Kf7 27. Qh5+ Ke7 28. Rg8 Bc6 29. Qg6 Qc7 30. Qxf6+ 1-0

[Event "FRG-ch 20th"]
[Site "Bad Neuenahr"]
[Date "1989.??.??"]
[Round "?"]
[White "Schmittdiel, Eckhard"]
[Black "Klebel, Martin"]
[Result "1-0"]
[WhiteElo "2425"]
[BlackElo "2350"]
[PlyCount "51"]
[EventDate "1989.??.??"]
[Source "ChessBase"]

1. e4 e5 2. Nf3 Nc6 3. Bb5 Nf6 4. d3 d6 5. c4 g6 6. Nc3 a6 7. Ba4 Bg7 8. Bg5 h6 9. Bh4 Rb8 10. Qd2 Bg4 11. Ng1 Bd7 12. Nge2 Ne7 13. Bxd7+ Qxd7 14. f3 c6 15. Rd1 Nh7 16. d4 Nf8 17. O-O f6 18. f4 exf4 19. Nxf4 Qg4 20. Bg3 Rd8 21. Qf2 Kf7 22. h3 Qc8 23. Bh4 Nd7 24. Nd3 Rhf8 25. Bg3 Nb8 26. Na4 1-0

[Event "FRA-chT 9900"]
[Site "France"]
[Date "2000.03.30"]
[Round "4.6"]
[White "Beikert, Guenther"]
[Black "Boudre, Jean Pierre"]
[Result "0-1"]
[WhiteElo "2425"]
[BlackElo "2334"]
[PlyCount "158"]
[EventDate "2000.02.04"]
[Source "www.chesslib.no"]
[SourceDate "2004.05.04"]

1. e4 e5 2. Nf3 Nc6 3. Bb5 Nf6 4. d3 d6 5. c4 Be7 6. Nc3 O-O 7. h3 Bd7 8. Be3 h6 9. O-O Re8 10. d4 exd4 11. Bxd4 Bf8 12. Re1 Nxd4 13. Qxd4 c6 14. Ba4 Qa5 15. Bc2 Be6 16. Bb3 Rad8 17. Rad1 Nd7 18. Qe3 Ne5 19. Nd2 g5 20. Ne2 Qc5 21. Nd4 Bg7 22. Nxe6 Qxe3 23. Rxe3 fxe6 24. Ba4 a5 25. Rc3 Nd7 26. Rg3 Be5 27. Rf3 Bxb2 28. h4 Be5 29. hxg5 hxg5 30. Bc2 Nc5 31. Nf1 Rf8 32. Rh3 Kg7 33. Ne3 Rh8 34. Rxh8 Rxh8 35. Ng4 Kf7 36. g3 Ke7 37. Nxe5 dxe5 38. Kg2 Rd8 39. Rxd8 Kxd8 40. Kf3 Ke7 41. Kg4 Kf6 42. a4 Kg6 43. f4 gxf4 44. gxf4 Kf6 45. Kg3 exf4+ 46. Kxf4 e5+ 47. Kg4 Kg6 48. Kh4 Nd7 49. Bb3 Nb6 50. Kg4 Nd7 51. Kh4 Nc5 52. Bc2 b6 53. Kg4 Kf6 54. Kh4 Ne6 55. Bd3 Nf4 56. Bf1 Kg6 57. Kg4 Nh5 58. Bd3 Nf6+ 59. Kh4 Kf7 60. Kg5 Ke6 61. Bc2 Nd7 62. Bd1 Kd6 63. Kf5 Nc5 64. Bc2 Ne6 65. Bd3 Nd4+ 66. Kf6 Nf3 67. Be2 Ne1 68. Bf1 Nc2 69. Bd3 Nd4 70. Bf1 Nb3 71. Bd3 Nc1 72. Bc2 Ne2 73. Bd3 Nc3 74. Bc2 b5 75. axb5 cxb5 76. c5+ Kxc5 77. Kxe5 a4 78. Kf5 a3 79. Bb3 a2 0-1

[Event "Team Ch 2004"]
[Site "Gaia"]
[Date "2004.08.05"]
[Round "4.52"]
[White "Velicka, Petr"]
[Black "Dias, Paulo"]
[Result "0-1"]
[WhiteElo "2440"]
[BlackElo "2316"]
[PlyCount "60"]
[EventDate "2004.08.02"]
[Source "Roberto Alvarez"]
[SourceDate "2004.10.05"]

1. e4 e5 2. Nf3 Nc6 3. Bb5 Nf6 4. d3 d6 5. c4 g6 6. Nc3 Bg7 7. d4 exd4 8. Nxd4 Bd7 9. Nxc6 bxc6 10. Ba4 O-O 11. O-O Re8 12. Qc2 Qe7 13. Re1 Rab8 14. Rb1 Qe5 15. h3 Nh5 16. Be3 f5 17. Rbd1 f4 18. Bd4 Qg5 19. f3 Bxh3 20. Bxc6 Bxd4+ 21. Rxd4 Re5 22. Rd5 Be6 23. Rxe5 Qxe5 24. Bd5 Bxd5 25. cxd5 Qd4+ 26. Kh2 Ng3 27. b3 Re8 28. Nd1 Re5 29. Nf2 Qxf2 30. Kh3 Qxc2 0-1

[Event "tt-2"]
[Site "?"]
[Date "1997.??.??"]
[Round "5"]
[White "Molnar Bela"]
[Black "Kovacs Gabor2"]
[Result "1/2-1/2"]
[WhiteElo "2380"]
[BlackElo "2325"]
[PlyCount "114"]
[EventDate "1997.??.??"]
[Source "www.chesslib.no"]
[SourceDate "2004.05.04"]

1. e4 e5 2. Nf3 Nc6 3. Bb5 Nf6 4. d3 d6 5. c4 a6 6. Ba4 Bd7 7. Be3 Be7 8. Nc3 O-O 9. O-O Ng4 10. Bxc6 bxc6 11. h3 Nxe3 12. fxe3 f5 13. exf5 Bxf5 14. Ne4 Bg6 15. Rc1 c5 16. Nfd2 Qd7 17. b3 a5 18. a4 Rxf1+ 19. Qxf1 Rf8 20. Qe2 c6 21. Qg4 Qxg4 22. hxg4 h6 23. Rf1 Rxf1+ 24. Kxf1 d5 25. Nf2 Bh4 26. e4 Bxf2 27. Kxf2 dxe4 28. dxe4 Kf7 29. Ke3 Ke6 30. Nf3 Be8 31. Nh4 g6 32. Nf3 Bd7 33. Ne1 Be8 34. Kf3 Kd6 35. Kg3 Bf7 36. Kh4 Be8 37. Nd3 Bf7 38. Nf2 Ke6 39. g5 h5 40. g4 hxg4 41. Nxg4 Be8 42. Nf6 Bf7 43. Kg3 Ke7 44. Kf3 Be6 45. Kg3 Kf7 46. Kg2 Ke7 47. Kf3 Kf7 48. Ke3 Ke7 49. Kd3 Kf7 50. Ke3 Bc8 51. Kd2 Bh3 52. Kc3 Bc8 53. Kd2 Bh3 54. Ke1 Bc8 55. Kf2 Bh3 56. Kg3 Bc8 57. Ng4 Bxg4 1/2-1/2

[Event "European GP"]
[Site "?"]
[Date "2003.08.28"]
[Round "4"]
[White "De Vreugt Dennis"]
[Black "Demirel Tolga"]
[Result "1-0"]
[WhiteElo "2459"]
[BlackElo "2217"]
[PlyCount "135"]
[EventDate "2003.??.??"]
[Source "www.chesslib.no"]
[SourceDate "2004.05.04"]

1. e4 e5 2. Nf3 Nc6 3. Bb5 Nf6 4. d3 d6 5. c4 g6 6. Nc3 Bg7 7. h3 O-O 8. Be3 Nd7 9. Bxc6 bxc6 10. d4 exd4 11. Bxd4 Rb8 12. b3 Re8 13. O-O c5 14. Bxg7 Kxg7 15. Qd3 Bb7 16. Rae1 Qf6 17. Re3 Bc6 18. Nd2 Kg8 19. f4 Qd4 20. Qe2 Re7 21. Nf3 Qg7 22. Nd5 Bxd5 23. exd5 Rxe3 24. Qxe3 Kf8 25. Re1 f6 26. Qc3 Qf7 27. Re6 Re8 28. Ng5 Qg7 29. Rxe8+ Kxe8 30. Ne6 Qe7 31. Nxc7+ Kf7 32. Ne6 Nf8 33. Nxf8 Kxf8 34. Kf2 Kf7 35. Qe1 Qd7 36. Kg3 Qf5 37. Qa5 Qd7 38. a3 Qe7 39. Kf2 g5 40. Qe1 Qd7 41. Qe4 Kg7 42. b4 Qc7 43. fxg5 fxg5 44. Qe3 h6 45. bxc5 dxc5 46. Qg3 Qf7+ 47. Kg1 Qe7 48. Kf2 h5 49. Qc3+ Kg6 50. Qd3+ Kg7 51. Qe3 Qf6+ 52. Kg1 Qa1+ 53. Kh2 Kg6 54. d6 Qf6 55. Qxc5 Qf4+ 56. Kh1 Qf1+ 57. Qg1 Qxc4 58. Qd1 Qc8 59. d7 Qd8 60. Qd6+ Kf7 61. a4 a5 62. Kg1 g4 63. hxg4 hxg4 64. g3 Qe7 65. Qd5+ Kg6 66. d8=Q Qe3+ 67. Kh2 Qh6+ 68. Qh4 1-0

[Event "Oberliga Nord W9899"]
[Site "Germany"]
[Date "1999.??.??"]
[Round "?"]
[White "Heinemann, Dieter"]
[Black "Schwekendiek, Ulrich"]
[Result "1-0"]
[WhiteElo "2310"]
[BlackElo "2340"]
[PlyCount "121"]
[EventDate "1998.??.??"]
[Source "www.chesslib.no"]
[SourceDate "2004.05.04"]

1. e4 e5 2. Nf3 Nc6 3. Bb5 Nf6 4. d3 d6 5. c4 g6 6. Nc3 Bg7 7. O-O O-O 8. h3 Bd7 9. Be3 Qe8 10. Re1 a6 11. Ba4 Rb8 12. a3 Nd8 13. Bxd7 Qxd7 14. d4 exd4 15. Nxd4 Re8 16. Qc2 b5 17. cxb5 axb5 18. b4 c5 19. bxc5 dxc5 20. Nb3 c4 21. Nd4 Ne6 22. Rad1 Nxe4 23. Ndxb5 Qb7 24. Qxe4 Qxe4 25. Nxe4 Rxb5 26. Nd6 Rbb8 27. Nxe8 Rxe8 28. Bd4 Bf8 29. Bb2 Rb8 30. Be5 Ra8 31. Rc1 Nc5 32. Rxc4 Nd3 33. Re3 Nxe5 34. Rxe5 Rxa3 35. g3 h5 36. Re2 Ra7 37. Kg2 Kg7 38. Rec2 Bd6 39. Rd2 Ra6 40. Rd3 Be5 41. Re4 Bd6 42. Red4 Be5 43. Rd7 h4 44. Rf3 Bf6 45. Rb3 hxg3 46. Rbb7 gxf2 47. Rxf7+ Kh6 48. Kxf2 Kg5 49. Rb3 Kh6 50. Kf3 g5 51. Rfb7 Kg6 52. R7b6 Ra4 53. Kg3 Kg7 54. R3b4 Ra1 55. Kg4 Kg6 56. Rb1 Ra4+ 57. R1b4 Ra1 58. Rc4 Ra2 59. h4 Rf2 60. hxg5 Rg2+ 61. Kf4 1-0

[Event "Festival - Open A"]
[Site "Porto San Giorgio ITA"]
[Date "2007.08.25"]
[Round "5"]
[White "Marholev, Dimitar"]
[Black "Rettore, Ludwig"]
[Result "1-0"]
[WhiteElo "2402"]
[BlackElo "2182"]
[PlyCount "103"]
[EventDate "2007.08.21"]
[Source "www.chesslib.no"]
[SourceDate "2004.05.04"]

1. e4 e5 2. Nf3 Nc6 3. Bb5 Nf6 4. d3 d6 5. c4 g6 6. Nc3 Bg7 7. O-O O-O 8. Bxc6 bxc6 9. d4 exd4 10. Nxd4 c5 11. Nc6 Qd7 12. Na5 Re8 13. f3 Rb8 14. Qe2 Nh5 15. g4 Bd4+ 16. Kh1 Ng7 17. Nb3 Be5 18. Bh6 Ne6 19. Rae1 Nd4 20. Nxd4 cxd4 21. Nd1 Qd8 22. Qd2 c5 23. b3 a5 24. Nf2 a4 25. Rb1 axb3 26. axb3 d3 27. Nxd3 Bd4 28. Nf4 Bb7 29. Ne2 Be5 30. Bf4 Ra8 31. Bxe5 dxe5 32. Qe3 Ra2 33. Nc3 Qd2 34. Qxd2 Rxd2 35. Na4 Ra8 36. Kg1 Bc6 37. Rb2 Rxb2 38. Nxb2 Rb8 39. Nd3 Rxb3 40. Nxe5 Bb7 41. g5 Bc8 42. Kf2 Be6 43. Ra1 Rb4 44. Ra5 Bxc4 45. Ra8+ Kg7 46. Nd7 Rb2+ 47. Kg3 Ra2 48. Rb8 Ra5 49. e5 Bd5 50. Nf6 Ra8 51. Rb5 Rc8 52. Nxd5 1-0

[Event "Kiev-ch"]
[Site "?"]
[Date "2003.01.26"]
[Round "7"]
[White "Semenova Lidia K"]
[Black "Chichkin Vasily"]
[Result "1/2-1/2"]
[WhiteElo "2262"]
[BlackElo "2316"]
[PlyCount "162"]
[EventDate "2003.??.??"]
[Source "www.chesslib.no"]
[SourceDate "2004.05.04"]

1. e4 e5 2. Nf3 Nc6 3. Bb5 Nf6 4. d3 d6 5. c4 g6 6. Nc3 Bg7 7. O-O O-O 8. Bxc6 bxc6 9. d4 exd4 10. Nxd4 c5 11. Nc2 Rb8 12. Re1 Ng4 13. Ne3 Ne5 14. Qc2 f5 15. exf5 Bxf5 16. Nxf5 Rxf5 17. Nd5 Rf7 18. Rb1 Qh4 19. Ne3 Rbf8 20. Rf1 Bh6 21. Nd1 g5 22. b3 g4 23. Bxh6 Qxh6 24. Ne3 Rg7 25. Qe4 Rf4 26. Qa8+ Kf7 27. Qd5+ Kf8 28. Qa8+ Kf7 29. Qc8 Qe6 30. Qxc7+ Kg8 31. Qd8+ Rf8 32. Qh4 Kh8 33. Rbd1 Rg6 34. Kh1 Rh6 35. Qg3 Rg6 36. Rfe1 Rff6 37. Nd5 Rf7 38. Re4 Rg8 39. Qe3 Rgf8 40. Nf4 Qh6 41. Rxe5 Qxf4 42. Qxf4 Rxf4 43. Rg5 Rxf2 44. Kg1 Rxa2 45. Rxg4 Rb2 46. Rg3 Rg8 47. Rxg8+ Kxg8 48. Rxd6 Rxb3 49. Rc6 a5 50. Rxc5 a4 51. Ra5 a3 52. c5 Rc3 53. c6 Rxc6 54. Rxa3 Kg7 55. Kf2 Rc2+ 56. Kf3 Rc4 57. h3 Kg6 58. Re3 Kf6 59. Re4 Rc3+ 60. Kg4 Rc2 61. g3 Rc3 62. Ra4 Kg6 63. Ra6+ Kg7 64. Kh4 Rc4+ 65. g4 Rc3 66. g5 Rc4+ 67. Kh5 Rc7 68. Re6 Ra7 69. Kg4 Ra4+ 70. Kf5 Ra5+ 71. Kf4 Ra4+ 72. Kf5 Ra5+ 73. Kg4 Ra4+ 74. Kh5 Ra7 75. h4 Ra4 76. Re7+ Kg8 77. Rb7 Rc4 78. Rb1 Kg7 79. Rg1 Ra4 80. Rg4 Rxg4 81. Kxg4 h6 1/2-1/2

[Event "Lloyds Bank op"]
[Site "London"]
[Date "1979.??.??"]
[Round "7"]
[White "Balinas, Rosendo Carrean"]
[Black "Pliester, Leon"]
[Result "1-0"]
[WhiteElo "2365"]
[BlackElo "2200"]
[PlyCount "61"]
[EventDate "1979.08.??"]
[Source "ChessBase"]

1. e4 e5 2. Nf3 Nc6 3. Bb5 Nf6 4. d3 d6 5. c4 Be7 6. Nc3 O-O 7. Nd5 Bg4 8. Bxc6 bxc6 9. Nxe7+ Qxe7 10. Bg5 h6 11. h3 hxg5 12. hxg4 Nxg4 13. Rh5 g6 14. Rxg5 Nh2 15. Qd2 Nxf3+ 16. gxf3 Qf6 17. Ke2 Kg7 18. Rag1 Rh8 19. R1g4 Rh3 20. f4 exf4 21. Rxf4 Qe7 22. Qc3+ Kg8 23. Rf6 Rd8 24. Kd2 Rh2 25. Ke2 d5 26. Qe5 Qxe5 27. Rxe5 dxc4 28. dxc4 Rd4 29. Rxc6 Rh1 30. Ke3 Rhd1 31. Rd5 1-0

[Event "Maitre de la Cote d'Azur"]
[Site "?"]
[Date "2001.02.05"]
[Round "1"]
[White "Dunis Aurelien"]
[Black "Govciyan Pavel"]
[Result "1-0"]
[WhiteElo "2347"]
[BlackElo "2174"]
[PlyCount "79"]
[EventDate "2001.??.??"]
[Source "www.chesslib.no"]
[SourceDate "2004.05.04"]

1. e4 e5 2. Nf3 Nc6 3. Bb5 Nf6 4. d3 d6 5. c4 Be7 6. Nc3 O-O 7. h3 Nd7 8. O-O Nc5 9. Be3 Ne6 10. Nd5 f5 11. exf5 Rxf5 12. Re1 Bd7 13. d4 exd4 14. Nxd4 Nexd4 15. Bxd4 Bf8 16. Be3 Ne5 17. Bxd7 Qxd7 18. b3 Rf7 19. Qc2 a6 20. Rad1 Re8 21. Qd2 Qd8 22. Bf4 Ng6 23. Bg3 Ne7 24. Bh4 Qd7 25. Qe2 Rc8 26. Bxe7 Re8 27. Qe6 Qxe6 28. Rxe6 c6 29. Rxd6 Bxe7 30. Nxe7+ Rfxe7 31. Rd7 Kf7 32. R1d6 Rc8 33. c5 Rc7 34. Rxc7 Rxc7 35. f4 Re7 36. Kf2 Ke8 37. Rd4 Rf7 38. g4 Ke7 39. Ke3 Ke6 40. Rd6+ 1-0

[Event "SVK-chT 9900"]
[Site "?"]
[Date "2000.??.??"]
[Round "10"]
[White "Pejko Otomar"]
[Black "Kalisky Vladimir"]
[Result "0-1"]
[WhiteElo "2184"]
[BlackElo "2245"]
[PlyCount "72"]
[EventDate "2000.??.??"]
[Source "www.chesslib.no"]
[SourceDate "2004.05.04"]

1. e4 e5 2. Nf3 Nc6 3. Bb5 Nf6 4. d3 d6 5. c4 Be7 6. O-O O-O 7. h3 h6 8. Nc3 Nb8 9. Ba4 Nbd7 10. Be3 c6 11. Bc2 Re8 12. d4 Bf8 13. Re1 exd4 14. Nxd4 Nc5 15. Qf3 g6 16. Rad1 Qe7 17. Bf4 Nh5 18. Nf5 Bxf5 19. exf5 Qxe1+ 20. Rxe1 Rxe1+ 21. Kh2 Nxf4 22. Qxf4 g5 23. Qd2 Rae8 24. b4 Nd7 25. Ne4 R1xe4 26. Bxe4 Rxe4 27. Qd3 Rf4 28. a3 a6 29. Qe2 Ne5 30. c5 Rxf5 31. cxd6 Bxd6 32. Kg1 Rf4 33. Kf1 Rd4 34. Qa2 b5 35. Qb2 Rd1+ 36. Ke2 Re1+ 0-1

[Event "Zuerich Open"]
[Site "Zurich SUI"]
[Date "1994.??.??"]
[Round "?"]
[White "Fabbri, Mario"]
[Black "Lurje, Pawel"]
[Result "0-1"]
[WhiteElo "2225"]
[BlackElo "2105"]
[PlyCount "100"]
[EventDate "1994.??.??"]
[Source "www.chesslib.no"]
[SourceDate "2004.05.04"]

1. e4 e5 2. Nf3 Nc6 3. Bb5 Nf6 4. d3 d6 5. c4 Bg4 6. h3 Bxf3 7. Qxf3 Nd7 8. Bxc6 bxc6 9. Qg3 Nc5 10. f4 Be7 11. O-O exf4 12. Bxf4 O-O 13. Nc3 Rb8 14. b3 Bf6 15. Rac1 Ne6 16. Be3 Be5 17. Qf2 c5 18. Ne2 a5 19. d4 cxd4 20. Nxd4 Qd7 21. Nxe6 fxe6 22. Qd2 Qc6 23. Qxa5 Qxe4 24. Qd2 c5 25. Rce1 Rxf1+ 26. Rxf1 Rf8 27. Re1 Bg3 28. Re2 Qb1+ 29. Qc1 Qf5 30. Rd2 g5 31. Rd1 g4 32. hxg4 Qxg4 33. Rf1 Ra8 34. Bh6 Qe4 35. Qe3 Qxe3+ 36. Bxe3 Rxa2 37. Bf4 Bxf4 38. Rxf4 Kg7 39. Kh2 Rd2 40. Rf3 Kg6 41. Rg3+ Kf5 42. Rh3 d5 43. cxd5 exd5 44. Rxh7 Ke4 45. Rh4+ Kd3 46. Kg1 c4 47. bxc4 dxc4 48. Rh3+ Kc2 49. g4 c3 50. g5 Kb2 0-1

[Event "Bad Wildbad (04.10.-10.10)"]
[Site "?"]
[Date "1998.??.??"]
[Round "4"]
[White "Degenhardt Norbert"]
[Black "Sutterer Robert"]
[Result "1/2-1/2"]
[WhiteElo "2026"]
[BlackElo "2032"]
[PlyCount "46"]
[EventDate "1998.??.??"]
[Source "www.chesslib.no"]
[SourceDate "2004.05.04"]

1. e4 e5 2. Nf3 Nc6 3. Bb5 Nf6 4. d3 d6 5. c4 Be7 6. O-O O-O 7. h3 Nd7 8. Nc3 Nb6 9. Bxc6 bxc6 10. b3 c5 11. Nh2 f5 12. f4 Bf6 13. Qc2 Be6 14. Rb1 exf4 15. Bxf4 Nd7 16. Kh1 Be5 17. Ne2 fxe4 18. dxe4 Qe7 19. Rbd1 Bxf4 20. Nxf4 Ne5 21. Nxe6 Qxe6 22. Qe2 Rxf1+ 23. Rxf1 Rf8 1/2-1/2